00449nam a2200181Ia 4500003000900000008004100009040001300050040001300063041000800076100002300084245009700107250001100204260001500215260000900230300001200239300001000251490000600261IT-RoPAU120407s9999 xx 000 0 und d aIT-RoPAU cIT-RoPAU aita aAntonio Mistrorigo aDizionario liturgico-pastorale. Dai documenti del Vat. II e da altri doc. uff. fino al 1977. aPadova aMessaggero c1977 a1726 p. c22 cm v1